LEADER 01317nam a2200277 u 4500 001 000000051935 003 CaOOAMICUS 005 20070226115407.0 008 001003s1999 it u000 u eng u 035 $a10857146 040 $aPUL$bita 100 1 $aKochuveettil, Peter.$0(OLS)http://pul/name/37213 245 10$aHistoricity of man in the dialectical hermeneutics of Hans-Georg Gadamer and the theory of Karma in Hinduism /$cKochuveettil Peter. 260 $aRomae :$b[s.n.],$c1999. 300 $axi, 213 p. ;$c25 cm 500 $aIn testa al front.: "Pontificia Universitas Urbaniana. Facultas philosophiae". 500 $a"Extractum ex dissertatione ad doctoratum in Facultate Philosophiae". 504 $a"Bibliography": p. [153]-202. 600 14$aGadamer, Hans Georg,$d1900-2002.$0(OLS)http://pul/subject/18921 650 4$aInduismo.$0(OLS)http://pul/subject/21774 850 $aPUL 852 $aPUL$W1$xDP1 Tesi Pon. Univ. Urbaniana$y49$mTH URB 542$j68728$nBK-PRI$b $qTesi$B68728$CPULBib$Z2$F68728 $H $81 941 1 $a16 961 $aINV: 83079 996 $6245$aHistoricity of man in the dialectical hermeneutics of Hans-Georg Gadamer and the theory of Karma in Hinduism$9(OLS)http://pul/title/69690 996 $6260$aRomae :$b[s.n.]$9(OLS)http://pul/publisher/48223 LEADER 01212nam a2200289 u 4500 001 000000077543 003 CaOOAMICUS 005 20070226123331.0 008 040211s1985 gw u000 u ger u 020 $a3161449231 035 $a10984069 040 $aPUL$bita 100 1 $aSiegert, Folker.$0(OLS)http://pul/name/15407 245 10$aArgumentation bei Paulus :$bgezeigt an Röm 9-11 /$cvon Folker Siegert. 260 $aTübingen :$bMohr,$c1985. 300 $av, 320 p. ;$c23 cm 490 1 $aWissenschaftliche Untersuchungen zum Neuen Testament ;$v34 500 $aContiene indici. 504 $aBibliografia in nota. 630 04$aBiblia.$pN.T.$pAd Romanos.$nIX-XI.$0(OLS)http://pul/subject/26951 830 0$aWissenschaftliche Untersuchungen zum Neuen Testament ;$v34.$0(OLS)http://pul/title/8628 850 $aPUL 852 $aPUL$W1$xSL Religione 1$y3$m16 H 34$j99590$nBK-PRI$b $qStampati$B99590$CPULBib$Z2$F99590 $HPUL91897 $81 941 1 $a8 996 $6020$a3161449231$9(OLS)http://pul/number/101669 996 $6245$aArgumentation bei Paulus :$bgezeigt an Röm 9-11$9(OLS)http://pul/title/101701 996 $6260$aTübingen :$bMohr$9(OLS)http://pul/publisher/48065